01027cam a22002898i 45000010009000000050017000090080041000260100017000670200025000840350020001090400033001290410008001620420008001700600011001780800011001890820019002001000006002191010008002252450105002332630009003385040051003477760151003989060045005499420012005949990017006069520114006231969102920180127090003.0170605s2018 nju b 001 0 eng  a 2017026911 a9781119167808 (pbk.) a(DNLM)101706958 aDNLM/DLCbengerdacDLCdDLC aeng apcc10aSF 985 a636.8000a636.80 WYL2231 a6 aANE10aFeline anesthesia and pain management /cby Paulo V.M. Steagall, Sheilah A. Robertson, Polly Taylor. a1712 aIncludes bibliographical references and index.08iOnline version:aSteagall, Paulo V. M., author.tFeline anesthesia and pain managementdHoboken, NJ : Wiley, 2018z9781119167846w(DLC) 2017027877 a7bcbccorignewd1eecipf20gy-gencatlg 2ddccBK c41102d41102 00102udc40708PËKGa002b002cPËKGd2018-01-27l0o636.80 WYLp002-2996686r2018-01-27w2018-01-27yBK